000 00755nam a2200217 a 4500
001 000042987
005 20201002040543.0
008 140214s2004 pe b 001 0 spa d
040 _aDO-SdBNP
_bspa
_cBNPHU
100 1 _aFernández Armesto, Felipe
_970495
240 1 0 _aColumbus
245 1 0 _aColón. /
_cFelipe Fernández Armesto; traducción, Juan Faci; prólogo, Hugh Thomas.
260 _a[Peru], :
_bABC,
_c2004.
300 _a317 p. :
_bmapa ;
_c21 cm.
490 1 _aBiblioteca ABC
_aProtagonistas de la historia
_v7
500 _aIncluye índice analítico
500 _aIncluye índice de mapas
700 1 _aThomas, Hugh
_eprol.
_960289
700 1 _aFaci, Juan
_etrad.
_970496
830 0 _aBiblioteca ABC
_gProtagonistas de la historia
_v7
_970491
999 _c42476
_d42476